| 000 | 00625nam a2200205Ia 4500 | ||
|---|---|---|---|
| 003 | GCL | ||
| 008 | 140319s9999 xx 000 0 ara d | ||
| 040 |
_aGCL / _cGCL |
||
| 082 | 0 | 4 |
_a070.1172 _bر ت |
| 100 | 1 | _aرمزى ميخائيل جيد | |
| 245 | 1 | 0 |
_aتطور الخبر الصحافة المصرية / _cرمزى ميخائيل جيد |
| 260 |
_a[S.N] : _bالهيئة المصرية العامة للكتاب ، _c1985 |
||
| 300 | _a351 | ||
| 490 | _a | ||
| 650 | 0 | 4 | _aالصحافة |
| 650 | 0 | 4 | _aوسائل الاعلام |
| 650 | 0 | 4 | _aالصحف |
| 650 | 0 | 4 | _aالصحف المصرية |
| 942 |
_2ddc _cBK |
||
| 999 |
_c28205 _d28205 |
||